| 000 | 02218nam a2200229 i 4500 | ||
|---|---|---|---|
| 001 | 3640061 | ||
| 005 | 20210414113853.0 | ||
| 008 | 751015s1974 enka b 101 0 eng | ||
| 020 | _a043584900X | ||
| 040 |
_aDLC _cDLC _dDLC |
||
| 050 | 0 | 0 | _aH62.A1C87 |
| 245 | 0 | 0 |
_aCurriculum development in economics / _cedited by David Whitehead. |
| 260 |
_aLondon : _bHeinemann Educational books, _c1974. |
||
| 300 |
_axii, 260 p. : _bill. ; _c23 cm. |
||
| 500 | _aIncludes bibliographical references and index. | ||
| 505 | _aContents: Educational objectives in economics -- Towards a taxonomy of educational objectives for economics -- Theory of objectives applied to the teaching of economics -- Values in economic education -- Concealed values in economics teaching -- Some research problems in economics education:Research into economic efficiency in the teaching of economics: Some fundamental problems -- Learning theory and the audio-visual element in economics -- The Place of economics in the Secondary School Curriculum -- Integration and sequence in economics for 8-13-year-olds -- Economics below the sixth form: Economics in the early stages of the secondary school -- Economics for the less-able student -- Terminal economics: The Experience of C.S.E. -- Economics at Sixth Form Level and its relationship to University Economics: The Educational value of economics: Some practical implications -- The Effect of recent developments in Sixth Forms on the relationship between economics and other subjects -- An Approach to the teaching of economics in shools -- A Curriculum innovation: The Business Studies Project: Lessons from the 'A' level Business Studies Project -- Economics for Civil Servants and Student Teachers: Teaching the essentials of microeconomics to managers in the Civil Service -- Economics in courses for teachers in Colleges of Education -- Digest of seminar discussions and conclusions: Digest of discusions -- The Economics curriculum: Looking to the future; checklist of major research needs. | ||
| 650 | 0 |
_aEconomics _xStudy and teaching _zGreat Britain |
|
| 700 | 1 | _aWhitehead, David, | |
| 700 | 1 | _aDrake, Keith. | |
| 906 |
_a7 _bcbc _corignew _d3 _encip _f19 _gy-gencatlg |
||
| 942 |
_2lcc _cBK |
||
| 999 |
_c211 _d7711 |
||